000 00511nam a22001817a 4500
003 CEME
005 20210628203336.0
008 210305b xxu||||| |||| 00| 0 eng d
020 _a0-333-28364-3
040 _c.
082 _a808.84 BRO
100 _aBrown, John Russell
_964857
245 _aTamburlaine the great edward the second and the few of malta, marlowe
260 _aNEW YORK
_bMACMILLAN PRESS
_c1982
300 _a239P
650 _aENGLISH LITERATURE-CRITICAL ESSAYS
_923462
942 _cBK
_2ddc
999 _c573225
_d573225